Statistics for Best Baseball Players of All Time

Click here to take the quiz!

General Stats

  • This quiz has been taken 13 times
  • The average score is 48 of 101

Answer Stats

RankPlayer% Correct
3Babe Ruth
100%
6Barry Bonds
91%
20Randy Johnson
91%
4Ted Williams
91%
22Walter Johnson
91%
1Willie Mays
91%
15Frank Robinson
82%
40Jackie Robinson
82%
27Joe DiMaggio
82%
5Mickey Mantle
82%
46Pete Rose
82%
2Hank Aaron
73%
69 | 77Joe Jackson
73%
12Lou Gehrig
73%
41Mariano Rivera
73%
21Mike Trout
73%
42Nolan Ryan
73%
62Reggie Jackson
73%
26Alex Rodriguez
64%
86Bryce Harper
64%
43Cal Ripken Jr.
64%
57Chipper Jones
64%
63David Ortiz
64%
100Ivan Rodriguez
64%
14Ken Griffey Jr.
64%
59Miguel Cabrera
64%
30Mike Schmidt
64%
31Sandy Koufax
64%
54Wade Boggs
64%
24Albert Pujols
55%
45Bob Gibson
55%
53Carl Yastrzemski
55%
65Clayton Kershaw
55%
28Cy Young
55%
48George Brett
55%
35Jimmie Foxx
55%
37Johnny Bench
55%
16Josh Gibson
55%
68Ozzie Smith
55%
17Pedro Martinez
55%
33Roberto Clemente
55%
84Robin Yount
55%
23Roger Clemens
55%
67Shohei Ohtani
55%
8Stan Musial
55%
13Tom Seaver
55%
52Tony Gwynn
55%
87Willie McCovey
55%
88Carlton Fisk
45%
34Derek Jeter
45%
39Eddie Mathews
45%
83Ernie Banks
45%
56Frank Thomas
45%
19Greg Maddux
45%
79Ichiro Suzuki
45%
78Jeff Bagwell
45%
36Joe Morgan
45%
73Justin Verlander
45%
92Roberto Alomar
45%
72Rod Carew
45%
91Ryne Sandberg
45%
49Steve Carlton
45%
7Ty Cobb
45%
81Cap Anson
36%
58Dave Winfield
36%
60Eddie Murray
36%
66Hank Greenberg
36%
11Honus Wagner
36%
90Jim Palmer
36%
76Manny Ramirez
36%
82Max Scherzer
36%
44Mel Ott
36%
29Rickey Henderson
36%
96Willie Stargell
36%
61Adrian Beltre
27%
97Carlos Beltran
27%
89Gaylord Perry
27%
80Johnny Mize
27%
47Nap Lajoie
27%
10Rogers Hornsby
27%
85Roy Campanella
27%
9Satchel Paige
27%
74Vladimir Guerrero
27%
99Whitey Ford
27%
38Yogi Berra
27%
64Al Kaline
18%
50Bob Feller
18%
70Fergie Jenkins
18%
25Lefty Grove
18%
71Mike Piazza
18%
18Oscar Charleston
18%
32Tris Speaker
18%
51Eddie Collins
9%
94Juan Marichal
9%
75Pete Alexander
9%
55Warren Spahn
9%
95Zack Greinke
9%
101Bartolo Colon
0%
93Mike Mussina
0%
98Paul Goldschmidt
0%

Score Distribution

Percentile by Number Answered

Percent of People with Each Score

Your Score History

You have not taken this quiz